000 00692nam a2200193 a 4500
005 20140412111229.0
008 010426s19uu xx 00 eng d
020 _a0-06-024560-3
050 _aTR(PS E
_bTo55 1998
100 _aCurtis, Jamie Lee
245 _aToday I feel silly :
_b& other moods that make my day /
_cby Jamie Lee Curtis ; illustrated by Laura Cornell.
260 _a[s.l.] :
_bHarperCollins Publishers,
_c1998.
300 _a1v. (unp.) ; ill.
500 _a"Joanna Cotler books"
520 _aA child's emotions range from silliness to anger to excitement, coloring and changing each day.
650 _aEmotion-Fiction
650 _aStories in rhyme
999 _c102132
_d102132